| 000 | 00888nam a22002057a 4500 | ||
|---|---|---|---|
| 999 |
_c5429 _d5429 |
||
| 003 | AR-CdUCM | ||
| 008 | 190312b ||||| |||| 00| 0 spa d | ||
| 040 |
_aMUNICIPALIDAD PROVINCIAL DEL CUSCO _cBIBLIOTECA MUNICIPAL DEL CUSCO |
||
| 082 |
_a338.548 / _bP57 |
||
| 100 |
_aPillado M. , Armando _916349 |
||
| 245 |
_aEl Capital hacia la Crisis : _bPerú 1965 - 1978 / |
||
| 260 |
_aLima : _bDESCO , _c1945. |
||
| 300 |
_a94 páginas ; _c23.7 cm. |
||
| 505 | _aContenido : Orientacion General del Trabajo -- Concepto sobre las crisis de acumulacion oligopolica y la accion del estado -- datos importantes sobre la economia peruana -- analisis de la crisis actual en el Perú...Significado Politico y Teorico de esta Interpretacion... | ||
| 650 |
_aCapitalismo _93221 |
||
| 650 |
_aSituacion laboral Peruana 90' _916350 |
||
| 650 |
_aOligopolio _916351 |
||
| 942 |
_2ddc _cLIBROS |
||
| 945 | _artm | ||